ՀՀ Գիտությունների ազգային ակադեմիայի հիմնարար գիտական գրադարան  =   Fundamental Scientific Library of NAS RA

Сказки братьев Гримм / (Record no. 357339)

MARC details
000 -LEADER
fixed length control field 00787nam a2200205 a 4500
001 - CONTROL NUMBER
control field 001109417
003 - CONTROL NUMBER IDENTIFIER
control field AM-YeHGA
005 - DATE AND TIME OF LATEST TRANSACTION
control field 20250618074440.0
008 - FIXED-LENGTH DATA ELEMENTS--GENERAL INFORMATION
fixed length control field 151029s1979 ru r 000 0 rus d
040 ## - CATALOGING SOURCE
Original cataloging agency AM-YeHGA
041 0# - LANGUAGE CODE
Language code of text/sound track or separate title rus
090 ## - LOCALLY ASSIGNED LC-TYPE CALL NUMBER (OCLC); LOCAL CALL NUMBER (RLIN)
-- 359159
100 1# - MAIN ENTRY--PERSONAL NAME
Personal name Гримм, Якоб
245 10 - TITLE STATEMENT
Title Сказки братьев Гримм /
Statement of responsibility, etc. Я. Гримм, В. Гримм ; [Сост. и авт. вступ. ст. В. Келер].
260 ## - PUBLICATION, DISTRIBUTION, ETC.
Place of publication, distribution, etc. Ленинград :
Name of publisher, distributor, etc. Художник РСФСР,
Date of publication, distribution, etc. 1979.
300 ## - PHYSICAL DESCRIPTION
Extent 304 с., :
Other physical details цв. ил.
650 14 - SUBJECT ADDED ENTRY--TOPICAL TERM
Topical term or geographic name entry element Գերմանական գրականություն
9 (RLIN) 5149
700 1# - ADDED ENTRY--PERSONAL NAME
Personal name Гримм, Вильгельм Карл
700 1# - ADDED ENTRY--PERSONAL NAME
Personal name Келер, Владимир Романович
Relator term сост.
-- авт. вступ. ст.
Relationship com
-- aui
Holdings
Withdrawn status Lost status Source of classification or shelving scheme Damaged status Not for loan Collection Home library Current library Date acquired Total checkouts Full call number Barcode Date last seen Price effective from Koha item type Public note
    Universal Decimal Classification     General Fundamental Scientific Library Fundamental Scientific Library 11/01/2017   PII/445643 FL0362361 11/01/2017 11/01/2017 Գրքեր / Books 30 Days Loan


ՀՀ ԳԱԱ հիմնարար գիտական գրադարան
ՀՀ,Երևան 0019
Մարշալ Բաղրամյան 24/6
հեռախոս:(374-10) 52-47-50
Հետադարձ կապ

All site content, except where otherwise noted, is licensed under a
Creative Commons License